[Event "Online Olym Div4 B"]
[Site "Chess.com INT"]
[Date "2021.08.22"]
[Round "10.5"]
[White "Njoroge, Martin"]
[Black "Mohammed, Mansour Al Quassabi"]
[Result "1-0"]
[WhiteElo "1958"]
[BlackElo "1216"]
[PlyCount "53"]
[EventDate "2021.08.20"]
[EventType "team (rapid)"]
[EventRounds "11"]
[EventCountry "USA"]
[SourceTitle "CBM 203 Extra"]
[Source "ChessBase"]
[SourceDate "2021.09.30"]
[SourceVersion "1"]
[SourceVersionDate "2021.09.30"]
[SourceQuality "1"]
[WhiteTeam "Kenya"]
[BlackTeam "Qatar"]
[WhiteTeamCountry "KEN"]
[BlackTeamCountry "QAT"]

1. e4 e5 2. Nf3 Nc6 3. Bc4 Bc5 4. 0-0 d6 5. c3 Nf6 6. d3 h6 7. a4 Bg4 8. b4 Nxb4 9. cxb4 Bxb4 10. Be3 Ba5 11. Nbd2 0-0 12. Qb3 Bb6 13. a5 Bxe3 14. fxe3 c6 15. Qb2 Re8 16. h3 Be6 17. Bxe6 Rxe6 18. Qxb7 Qc8 19. Qxc8+ Rxc8 20. Rab1 Ree8 21. Rb7 a6 22. Rfb1 Kf8 23. Nc4 Red8 24. Ra7 Ra8 25. Rbb7 Rxa7 26. Rxa7 Rd7 27. Rxa6 1-0

[Event "Online Olym Base B"]
[Site "Chess.com INT"]
[Date "2020.07.26"]
[Round "6.5"]
[White "Mohammed, Mansour Al Quassabi"]
[Black "Tomb, Maroun"]
[Result "0-1"]
[WhiteElo "1216"]
[BlackElo "2084"]
[PlyCount "72"]
[EventDate "2020.07.25"]
[EventType "team-tourn (rapid)"]
[EventRounds "9"]
[EventCountry "USA"]
[SourceTitle "CBM 198"]
[Source "ChessBase"]
[SourceDate "2020.10.31"]
[SourceVersion "1"]
[SourceVersionDate "2020.10.31"]
[SourceQuality "1"]
[WhiteTeam "Qatar"]
[BlackTeam "Lebanon"]
[WhiteTeamCountry "QAT"]
[BlackTeamCountry "LBN"]

1. e4 d6 2. d4 Nf6 3. Nc3 e5 4. dxe5 dxe5 5. Qxd8+ Kxd8 6. Nf3 Bd6 7. Bg5 Nbd7 8. Nd5 h6 9. Bxf6+ Nxf6 10. Nxf6 gxf6 11. Bc4 Be6 12. Bb3 a5 13. c3 a4 14. Bxe6 fxe6 15. 0-0 h5 16. Nh4 Rg8 17. f3 Bc5+ 18. Kh1 Ke7 19. Rad1 Rad8 20. g3 b5 21. a3 Be3 22. Ng2 Bd2 23. Kg1 Rd6 24. Kf2 Rgd8 25. Ke2 f5 26. exf5 exf5 27. f4 e4 28. Kf2 Ke6 29. Kg1 c5 30. Nh4 Be3+ 31. Kg2 Rxd1 32. Rxd1 Rxd1 33. Ng6 Rd2+ 34. Kh3 Bg1 35. Kh4 Kf6 36. Nf8 Rxh2# 0-1